| 000 | 00563nam a2200193 i 4500 | ||
|---|---|---|---|
| 001 | 47576 | ||
| 003 | ES-MaACL | ||
| 007 | t| | ||
| 008 | 030506s1916 sp ||||1| spa d | ||
| 080 | _a821.134.2(861)-32"18" | ||
| 100 | 1 |
_aVargas Vila, José María. _9113218 |
|
| 245 | 1 | 3 |
_aEl alma de la raza _b: novela inédita / _cpor Vargas Vila. |
| 260 |
_aMadrid : _b[s.n.], _c1916. |
||
| 300 |
_a34 p. ; _c19 cm. |
||
| 490 | 1 |
_aLa novela corta ; _v30 |
|
| 830 | 0 |
_aLa novela corta ; _v30 _9182142 |
|
| 852 |
_aES-MaACL _jG-4948(30) _bR.132489 |
||
| 999 |
_c47576 _d47576 |
||